| 000 | 00599cam a22002171 4500 | ||
|---|---|---|---|
| 001 | sa 66005397 | ||
| 003 | DLC | ||
| 005 | 20260227112249.0 | ||
| 008 | 861126s1964 ii c 000 0aeng | ||
| 010 | _asa 66005397 | ||
| 025 | _aPL480:I-E-5963 | ||
| 035 | _a(OCoLC)14877386 | ||
| 040 |
_aDLC _cWaU _dDLC |
||
| 042 | _apremarc | ||
| 050 | 0 | 0 |
_aHQ1742 _b.M8 |
| 100 | 1 |
_aMuthulakshmi Reddi, S., _d1886-1968. |
|
| 245 | 1 | 0 | _aAutobiography of Mrs. S. Muthulakshmi Reddy. |
| 260 |
_a[Madras, _cpref. 1964] |
||
| 300 |
_axii, 175 p. _bports. _c21 cm. |
||
| 600 | 1 | 0 |
_aMuthulakshmi Reddi, S., _d1886-1968. |
| 999 |
_c69930 _d69930 |
||